A guide to econometrics /

Bibliographic Details
Main Author: Kennedy, Peter, 1943-
Format: Book
Language:English
Published: Cambridge, Mass. : MIT Press, 1979.
Edition:1st MIT Press ed.
Subjects:

MARC

Tag First Indicator Second Indicator Subfields
LEADER 00000cam a2200000 i 4500
001 in00000050121
005 20151007065755.0
008 800116s1979 maua b 00110 eng
010 |a  79063894  
020 |a 0262110733 
020 |a 0262610310 (pbk.) 
035 |a (OCoLC)05856344 
035 |9 AAE2656AM 
040 |a DLC  |c DLC  |d TXA  |d UtOrBLW 
049 |a TXAM  |c [1191878] 
050 0 0 |a HB139  |b .K45 1979 
082 0 |a 330/.01/51 
100 1 |a Kennedy, Peter,  |d 1943- 
245 1 2 |a A guide to econometrics /  |c Peter Kennedy. 
250 |a 1st MIT Press ed. 
264 1 |a Cambridge, Mass. :  |b MIT Press,  |c 1979. 
300 |a xi, 175 pages :  |b graphs ;  |c 22 cm. 
336 |a text  |b txt  |2 rdacontent 
337 |a unmediated  |b n  |2 rdamedia 
338 |a volume  |b nc  |2 rdacarrier 
500 |a Includes index. 
504 |a Bibliography: pages 163-171. 
650 0 |a Econometrics. 
999 |a MARS 
999 f f |s 5368f693-4a95-39ce-a6af-567aff64c66f  |i e8bf79a9-30c1-3913-8d86-b9ed4a00f25f  |t 0 
952 f f |p ric  |a Texas A&M University  |b Rellis Campus  |c Joint Library Facility  |d Remote Storage  |t 0  |e HB139 .K45 1979  |h Library of Congress classification  |i unmediated -- volume  |m A14802533315 
998 f f |a HB139 .K45 1979  |t 0  |l Remote Storage